000 00458 a2200145 4500
001 ART_7540
005 20260410161555.0
008 260409a
245 1 0 _aLas inversiones en investigación y desarrollo en los estados contables
100 1 _aDíaz, Teresa
700 1 _aBertolino, Gisela
700 1 _aGrisolía, María Laura
700 1 _aSuardi, Diana
773 0 _tProfesional & Empresaria
_g- Año IX, Nº 103 (abr. 2008)
_wREV70
999 _c9124
_d9124